| 000 | 01215nam a2200301 a 4500 | ||
|---|---|---|---|
| 999 |
_c20336 _d20336 |
||
| 005 | 20181019144323.0 | ||
| 008 | 150316s2014 ck a gr 00010 spa d | ||
| 020 | _a9789589726655 (Colección) | ||
| 020 | _a9789585862517 (Símbolo nacional) | ||
| 040 |
_aCO-BoBLA _cCO-BoBLA _dCO-BoIAVH |
||
| 041 | 0 | _aspa | |
| 044 | _ack | ||
| 082 | 0 | 4 |
_a709.8 _bC29a |
| 245 | 1 | 0 |
_aAntonio Caro : _bsímbolo nacional / _cdirección editorial José Roca y Alejandro Martín |
| 246 | 3 | 0 | _aSímbolo nacional |
| 260 |
_aBogotá (Colombia) : _bSeguros Bolívar, _c2014. |
||
| 300 |
_a113 páginas : _bilsutraciones y fotografías ; ; _c29 x 25 cm. |
||
| 490 | 0 | _aColección de Arte Contemporáneo Seguros Bolívar | |
| 504 | _aIncluye referencias bibliográficas. | ||
| 600 | 1 | 4 |
_aCaro Lopera, José Antonio _d1950- _xTrabajos artísticos _vCatálogos |
| 650 | 2 | 4 |
_aArte colombiano _vCatálogos |
| 650 | 2 | 4 |
_aArtistas plásticos colombianos _vCatálogos |
| 650 | 2 | 4 |
_aArte conceptual _vCatálogos |
| 700 | 1 |
_aCaro Lopera, José Antonio _d1950- _eilustrador |
|
| 700 | 1 |
_aRoca, José Ignacio _eeditor |
|
| 700 | 1 |
_aMartín, Alejandro _eeditor |
|
| 942 |
_2ddc _cLIBRO |
||